Culture Générale - Série 487 - Statistiques

Statistiques générales
  • Ce quiz a été pris 197 fois
  • Le résultat moyen est 6 sur 10
Statistiques - réponses
Question Réponse % Correct
Quel jeune héros du roman "Sans famille" porte un prénom composé de deux notes ? Rémi
92%
Combien une note noire vaut‐elle de doubles‐croches ? 4
87%
Au Moyen Age, quel impôt, représentant un dixième des produits de la terre ou de l'élevage, versait‐on à l'Eglise ? La dîme
85%
Quel genre musical portugais porte un nom composé de deux notes ? fado
80%
Qui joue James Bond dans le film "Rien que pour vos yeux" ? Roger Moore
54%
Dans "L'Odyssée" d'Homère, de quel dieu le Cyclope Polyphème est‐il le fils ? Poséidon
49%
Quelle membrane du fond de l'oeil contient des cellules appelées cônes et bâtonnets ? rétine
46%
Dans quel film d'Henri Verneuil, le tueur en série se faisant appeler Minos est‐il piégé à cause de son oeil de verre ? Peur sur la ville
26%
Dans une gamme, comment appelle‐ton l'intervalle qui sépare deux notes qui portent le même nom ? octave
22%
En 1991, dans quel film Richard Bohringer joue‐t‐il un SDF nommé Toubib ? Une époque formidable
13%
Aucun quiz correspondant
Distribution des résultats
% des personnes avec chaque résultat
Percentile par nombre de réponses
Votre historique - résultats
Vous n’avez pas pris ce quiz